Loading...
| History - European History | 1 | 2 | 0 | 1 | 35 | 63 | 101.33 | 1 | 3 |
| World and Other Literature | 0 | 2 | 0 | 1 | 20 | 108 | 127.50 | 0 | 2 |
| History - American History | 1 | 0 | 1 | 0 | 10 | 48 | 48.00 | 0 | 1 |
| Beliefs | 0 | 1 | 0 | 0 | 10 | 151 | 151.00 | 0 | 1 |
| History - World History | 0 | 1 | 0 | 0 | 10 | 123 | 123.00 | 0 | 1 |
| Literature - British Literature | 0 | 1 | 0 | 0 | 10 | 151 | 151.00 | 0 | 1 |
| Other Academic | 0 | 1 | 0 | 0 | 10 | 80 | 80.00 | 0 | 1 |
| History - World History | 0 | 1 | 0 | 0 | 10 | 113 | 113.00 | 1 | 1 |
| Geography | 0 | 1 | 0 | 1 | 10 | 137 | 137.00 | 1 | 1 |
| Fine Arts - Visual Fine Arts | 0 | 0 | 1 | 0 | -5 | 0.00 | 0 | 0 |